Classic Rock Lyrics - Statistics

General Stats
  • This quiz has been taken 72 times
  • The average score is 7 of 16
Answer Stats
Hint Answer % Correct
Welcome to the jungle, we've got Fun and games
82%
Pour some Sugar on me
75%
Here I go again On my own
69%
I wanna rock and roll all night, and Party every day
58%
I walk this empty street, on the Boulevard of broken dreams
54%
A 7 nation army couldn't Hold me back
49%
So you think you can stone me and Spit in my eye
48%
We've got to hold on To what we've got
46%
I was made for Lovin you baby
42%
You may say i'm a dreamer But I'm not the only one
40%
I see the girls walk by dressed In their summer clothes
37%
Load up on Guns
35%
I can feel it Coming in the air to night
23%
Got a photograph Picture of
12%
You've been Thunderstruck!
9%
I get up! And nothin' gets me down
6%
No matching quizzes found
Score Distribution
Percent of People with Each Score
Percentile by Number Answered
Your Score History
You have not taken this quiz